Gauge symmetries and fibre bundles: applications to particle dynamics

I tiakina i:
Ngā taipitopito rārangi puna kōrero
Kaituhi matua: Balachandran, A. P
Ētahi atu kaituhi: Marmo, G, Skagerstam, Bo-Sture, Stern, A
Hōputu: Pukapuka
Reo:Ingarihi
I whakaputaina: Berlín, Alemania. Springer. 1983
Rangatū:Lecture Notes in Physics. 188
Ngā marau:
Ngā Tūtohu: Tāpirihia he Tūtohu
Kāore He Tūtohu, Me noho koe te mea tuatahi ki te tūtohu i tēnei pūkete!

MARC

LEADER 00000nam a2200000 a 4500
001 UCT5533
003 CL-VaPUC
005 20231010145325.0
008 961212e19830000GW |||||||||||||||||eng|d
999 |c 254446  |d 254444 
040 |c Pontificia Universidad Católica de Valparaíso 
082 0 4 |a 539.72 BAL 1983  |2 21 
100 0 |a Balachandran, A. P  |9 375064 
245 1 0 |a Gauge symmetries and fibre bundles: applications to particle dynamics 
260 0 3 |a Berlín, Alemania.  |b Springer.  |c 1983 
300 |a 140 páginas 
490 0 |a Lecture Notes in Physics.  |v 188 
583 |a last modification  |c 19961212 00:00:00  |k Rodrigo Vera 
650 0 |a partículas elementales  |9 349874 
650 0 |a Teoría cuántica  |9 266148 
650 7 |a CAMPOS ELECTROMAGNETICOS  |2 CL-VaPUC  |9 264139 
650 0 |a Aceleradores de partículas  |9 316926 
700 0 |a Marmo, G  |9 375065 
700 0 |a Skagerstam, Bo-Sture  |9 375066 
700 0 |a Stern, A  |9 375067 
942 |c BK  |2 ddc 
945 |d 19961212 00:00:00  |a paguirre 
952 |0 0  |1 0  |2 ddc  |4 0  |6 539_720000000000000_BAL_1983  |7 0  |8 A  |9 276117  |a BIBCUR  |b BIBCUR  |d 2019-11-19  |i 1797859  |o 539.72 BAL 1983  |p 1797859  |r 2025-04-22  |t 1  |w 2019-11-19  |y BK  |k FIS